Quick Pick: Imagine Dragons Songs Quiz Stats

 Plays Quiz not verified by Sporcle

Score 0/12 Timer 01:00
16 Plays Today
% Correct
Takes
96.9%
We
96.7%
Top
96.5%
Sorry
95.7%
Comes
94.7%
Wire
93.8%
Bet
93.8%
Aim
93.2%
Dancing
92%
Cry
91.1%
Out
90.7%
Today
82.7%

You're not logged in!

Compare scores with friends on all Sporcle quizzes.
OR
Log In

Sporcle TV

Today on Sporcle TV


Watch our educational content, quiz creation guides, and fun videos on Sporcle TV.

Show Comments

Extras

Top Quizzes Today


Score Distribution

Your Account Isn't Verified!

In order to create a playlist on Sporcle, you need to verify the email address you used during registration. Go to your Sporcle Settings to finish the process.

Report this User

Report this user for behavior that violates our Community Guidelines.

Details: